000 00818nam a2200241Ia 4500
003 OSt
005 20220923212214.0
006 a|||||r|||| 00| 0
007 ta
008 220922b |||||||| |||| 00| 0 hin d
024 _a151,660
037 _cTextual
040 _aARTS
_cARTS
_bhin
041 _2hin
_ahin
082 _aDelta2y7J19, 152K6
100 _aमंगराडे, रमेशचन्द्र
_9156285
245 0 _aनिमाड के संत और सभाजी
246 _aNimāḍ ke santa aur sabhājī
260 _aलखनऊ
_b हिन्दी साहित्य भडार
_c1966
300 _a116 पृ.
_ccm.
942 _hDelta2y7J19, 152K6
_cTEXL
_2CC
999 _c307333
_d307333